| 000 | 01404cam a2200349 a 4500 | ||
|---|---|---|---|
| 001 | EDZ0000085231 | ||
| 003 | StDuBDS | ||
| 005 | 20161031105114.0 | ||
| 006 | m||||||||d|||||||| | ||
| 007 | cr ||||||||||| | ||
| 008 | 120521s2007 cau fo| 001|0|eng|d | ||
| 020 |
_a9781452225883 (ebook) : _cNo price |
||
| 040 |
_aStDuBDS _beng _cStDuBDS _epn |
||
| 049 | _aAlfaisal Main Library | ||
| 050 | 0 |
_aP91.3 _b.F27 2007 |
|
| 082 | 0 | 4 |
_a302.2071 _223 |
| 100 | 1 | _aFassett, Deanna L. | |
| 245 | 1 | 0 |
_aCritical communication pedagogy _h[electronic resource] / _cDeanna L. Fassett, John T. Warren. |
| 260 |
_aThousand Oaks, [Calif.] ; _aLondon : _bSAGE, _cc2007. |
||
| 300 | _a1 online resource (vii, 203 p.) | ||
| 520 | 8 | _a'Critical Communication Pedagogy' evaluates critical communication pedagogy scholarship, helping scholars unfamiliar with this paradigm to learn how to read and evaluate this sort of work. | |
| 521 | _aSpecialized. | ||
| 588 | _aDescription based on print version record. | ||
| 504 | _aIncludes bibliographical references and index. | ||
| 650 | 0 |
_aCommunication _xStudy and teaching. |
|
| 655 | 7 |
_aElectronic books. _2local |
|
| 700 | 1 |
_aWarren, John T., _d1974-2011. |
|
| 710 | 2 | _aSage eBooks | |
| 776 | 0 | 8 |
_iPrint version : _z9781412916264 |
| 856 | 4 | 0 | _uhttp://ezproxy.alfaisal.edu/login?url=http://sk.sagepub.com/books/critical-communication-pedagogy |
| 942 |
_2lcc _cEBOOKS |
||
| 999 |
_c479398 _d479398 |
||